|
|
|
|
| LEADER |
00000nam a2200000 a 4500 |
| 001 |
vtls001303851 |
| 003 |
SK-MaSNL |
| 005 |
20260301065211.0 |
| 008 |
240313s1997 xo a r y slo |
| 015 |
|
|
|a SNBA1998/0100342
|
| 020 |
|
|
|a 8022311561
|c 88,00 Sk
|
| 035 |
|
|
|a SNK000256033
|
| 035 |
|
|
|a urn:nbn:sk:snk-amtj92
|
| 035 |
|
|
|a urn:nbn:sk:snk-am00c5un
|
| 035 |
|
|
|a DB7705D4-3202-4CB6-B35A-12082D8B897E
|
| 040 |
|
|
|a SNK
|b slo
|c SNK
|e AACR2
|
| 041 |
0 |
|
|a slo
|
| 044 |
|
|
|a xo
|c SK
|
| 080 |
|
|
|a 616.5/.6(075.8)
|2 1981
|
| 100 |
1 |
|
|a Buchvald, Jozef,
|d 1933-
|4 aut
|9 189218
|
| 245 |
1 |
|
|a Dermatovenerológia pre stomatológov
|c Jozef Buchvald, Ľudovít Sinka, Mária Šimaljaková
|
| 250 |
|
|
|a 2. nezm. vyd.
|
| 260 |
|
|
|a Bratislava
|b Univerzita Komenského
|c 1997
|
| 300 |
|
|
|a 175 s.
|c 29 cm
|
| 500 |
|
|
|a 400 výt.
|
| 504 |
|
|
|a Bibliogr. s. 174
|
| 650 |
0 |
7 |
|a dermatovenerológia
|2 SNKPH
|9 2445
|
| 655 |
|
7 |
|a učebnice vysokých škôl
|2 SNKPH
|9 70191
|
| 700 |
1 |
|
|a Sinka, Ľudovít,
|d 1932-
|4 aut
|9 39166
|
| 700 |
1 |
|
|a Šimaljaková, Mária,
|d 1954-
|4 aut
|9 199178
|
| 919 |
|
|
|a 80-223-1156-1
|
| 958 |
|
|
|a TL
|
| 958 |
|
|
|a NB
|
| 958 |
|
|
|a UV
|
| 958 |
|
|
|a OND
|
| 999 |
|
|
|c 629939
|d 631869
|
| 952 |
|
|
|t P60, <09>, [BOOK], {629}
|a SNK
|b SNK
|y NEVYP
|7 0
|o snkB 1179
|i snk4381/971001
|0 0
|1 0
|4 0
|d 1997-09-30
|l 0
|r 2005-01-02 00:00:00
|w 2026-02-23
|
| 952 |
|
|
|t P60, <03>, [BOOK], {603}
|a SNK
|b SNK
|y PREZ
|7 0
|p 17A0092427
|o snkSB 57622
|i snkKSP 10064/97
|0 0
|1 0
|4 0
|d 1997-09-30
|f 1
|l 0
|r 2025-04-09 00:00:00
|w 2026-02-23
|
| 952 |
|
|
|t P60, <04>, [BOOK], {604}
|a SNK
|b SNK
|y VYP
|7 0
|p 17A0092426
|o snkSB 57622 D1
|i snkKSP 10065/97
|0 0
|1 0
|4 0
|d 1997-09-30
|l 0
|r 2005-01-02 00:00:00
|w 2026-02-23
|